Statistiques concernant Pays les plus proches de l'Islande - une minute sprint

Cliquez ici pour prendre le quiz!

Statistiques générales

  • Ce quiz a été pris 70 fois
  • Le résultat moyen est 15 sur 20

Statistiques - réponses

kmpays% Correct
1239Suède
100%
1079Irlande
98%
973Norvège
98%
1472Danemark
95%
1773France
94%
1501Finlande
90%
783Royaume-Uni
90%
1657Pays-Bas
87%
1632Allemagne
86%
1639Canada
86%
1783Belgique
81%
1815Russie
79%
1989Luxembourg
63%
1971Pologne
62%
1949Estonie
52%
2024Lettonie
52%
285Groenland
49%
434Îles Féroé
49%
2103Lituanie
49%
2209Tchèquie
24%

Distribution des résultats

Percentile par nombre de réponses

% des personnes avec chaque résultat

Votre développement - résultats

Vous n’avez pas pris ce quiz